100 Biggest Cities in Peru - Statistics

General Stats
  • This quiz has been taken 131 times
    113 since last reset
  • The average score is 35 of 100
Answer Stats
Rank Population Answer % Correct
1 7,737,002 Lima
100%
2 841,130 Arequipa
94%
10 312,140 Cuzco
93%
4 747,450 Trujillo
92%
6 437,620 Iquitos
88%
5 577,375 Chiclayo
82%
13 246,844 Ica
80%
12 280,098 Tacna
79%
3 813,264 Callao
78%
21 116,552 Puno
77%
8 325,466 Piura
76%
9 316,966 Chimbote
74%
19 135,000 Cajamarca
73%
7 376,657 Huancayo
72%
11 310,750 Pucallpa
69%
18 140,033 Ayacucho
66%
17 147,959 Huanuco
66%
24 86,934 Huaraz
64%
14 245,675 Juliaca
63%
22 109,223 Tumbes
63%
33 54,517 Moquegua
62%
20 130,535 Tarapoto
60%
34 53,476 Ilo
59%
16 153,076 Chincha Alta
58%
15 160,789 Sullana
58%
64 23,556 Nazca
50%
44 41,576 Huancavelica
48%
25 78,910 Cerro de Pasco
47%
32 54,545 Huacho
47%
73 20,279 Chachapoyas
46%
28 61,869 Pisco
46%
87 15,478 San Juan de Marcona
46%
46 37,543 Puerto Maldonado
44%
31 55,111 Abancay
43%
93 14,066 Santa
43%
59 25,517 San Vicente de Canete
42%
23 99,074 Talara
42%
39 44,276 Moyobamba
41%
30 56,151 Paita
40%
35 53,177 Tingo Maria
39%
38 46,290 Barranca
38%
36 52,493 Jaen
37%
88 15,320 Junin
37%
76 17,444 Andahuaylas
34%
43 41,827 Yurimaguas
34%
27 62,174 Huaral
33%
40 43,710 Lambayeque
32%
79 16,434 Camana
31%
55 28,953 Mollendo
30%
37 51,350 Tarma
30%
90 14,708 San Ramon
29%
48 34,357 Ferrenafe
28%
62 25,057 Rioja
26%
92 14,240 Chota
24%
81 16,172 Huarmey
24%
69 21,057 Jauja
24%
50 33,345 La Oroya
24%
49 33,575 Sicuani
24%
80 16,250 San Pedro de Lloc
23%
72 20,382 Bagua Grande
22%
71 20,723 Huaura
22%
78 16,907 Zarumilla
22%
52 29,678 La Rinconada
21%
67 21,768 Huamachuco
20%
70 20,774 Viru
20%
65 23,020 Sechura
19%
57 26,958 Chancay
17%
77 17,260 Mala
17%
42 41,992 Chepen
16%
83 16,033 Ilave
16%
45 37,715 Juanjui
16%
53 29,165 Pacasmayo
12%
54 29,029 Tocache
12%
29 57,304 Catacaos
11%
61 25,376 Guadalupe
11%
75 18,627 Huanta
11%
96 13,693 Eten
10%
86 15,532 Satipo
10%
100 13,486 Cajabamba
9%
91 14,660 Celendin
9%
66 22,581 Moche
9%
99 13,581 Pativilca
9%
85 15,552 Pimentel
9%
95 13,719 Supe
9%
74 19,310 Ayaviri
8%
56 27,631 Paramonga
8%
58 25,707 Monsefu
7%
63 24,691 Laredo
6%
98 13,681 Motupe
6%
89 15,231 Bellavista
4%
26 68,835 Chulucanas
4%
94 13,885 Contamana
4%
97 13,693 Lamas
3%
68 21,128 Paijan
3%
41 43,610 Picsi
3%
51 30,033 Tambo Grande
3%
47 34,834 La Union
2%
84 15,815 San Clemente
2%
82 16,140 Yunguyo
2%
60 25,396 Querecotillo
1%
No matching quizzes found
Score Distribution
Percent of People with Each Score
Percentile by Number Answered
Your Score History
You have not taken this quiz since the last reset